Biodiversity of Western Ghats / (Record no. 198506)

MARC details
000 -LEADER
fixed length control field 00681nam a22002057a 4500
005 - DATE AND TIME OF LATEST TRANSACTION
control field 20230921121728.0
010 ## - LCCN (DPL NO)
LC control number ENG-138225
020 ## - INTERNATIONAL STANDARD BOOK NUMBER
International Standard Book Number 9788196078003
Terms of availability 130.00
035 ## - SYSTEM CONTROL NUMBER
System control number EN-121757
037 ## - SOURCE OF ACQUISITION
Source of stock number/acquisition DBAD/PUB
082 ## - DEWEY DECIMAL CLASSIFICATION NUMBER
Classification number 574.628
245 ## - TITLE STATEMENT
Title Biodiversity of Western Ghats /
Statement of responsibility, etc Edited by Silvy Mathew; Jisha K and Sheeja T Tharakan
260 ## - PUBLICATION, DISTRIBUTION, ETC. (IMPRINT)
Place of publication, distribution, etc Kerala
Name of publisher, distributor, etc Vimala College Publications
270 ## - ADDRESS
Address Vimala College (Autonomous), Thrissur
City Kerala
Postal code 680009
300 ## - PHYSICAL DESCRIPTION
Extent 310 p.
Dimensions 25cm(pbk)
700 ## - ADDED ENTRY--PERSONAL NAME
Personal name Mathew, Silvy
Relator term Editor
9 (RLIN) 56915
700 ## - ADDED ENTRY--PERSONAL NAME
Personal name K, Jisha
Relator term Editor
9 (RLIN) 57252
700 ## - ADDED ENTRY--PERSONAL NAME
Personal name Tharakan, Sheeja T
Relator term Editor
9 (RLIN) 57253
942 ## - ADDED ENTRY ELEMENTS (KOHA)
Source of classification or shelving scheme Dewey Decimal Classification
Item type English Books
Classification part 574.628
Call number suffix BIO
Holdings
Withdrawn status Lost status Not for loan Collection code Home library Current library Date acquired Source of acquisition Cost, normal purchase price Full call number Barcode Copy number Cost, replacement price Koha item type
      Non-fiction D.B.Act.Division Mobile Library 21/09/2023 DBAD/PUB 130.00 574.628 BIO EN-121757 1 130.00 English Books

© Delhi Public Library
Hit Counter
free hit counter